|
|
|
|
| LEADER |
01043nam a22002537a 4500 |
| 001 |
1264 |
| 003 |
BD-DhAAL |
| 008 |
140224s1982 ne 000 0 eng |
| 040 |
|
|
|a BD-DhAAL
|c BD-DhAAL
|
| 082 |
|
|
|2 22
|a 304.6/32
|
| 100 |
1 |
|
|a Little, Roderick J. A.
|9 3877
|
| 245 |
1 |
0 |
|a Sampling errors of fertility rates from the WFS /
|c Roderick J. A. Little
|
| 260 |
|
|
|a Voorburg, Netherlands :
|a London, U. K. :
|b International Statistical Institute;
|b World Fertility Survey,
|c 1982
|
| 300 |
|
|
|a 55 p. ;
|c 24 cm.
|
| 490 |
1 |
|
|a World Fertility Survey technical bulletins ;
|v 10
|
| 500 |
|
|
|a "September 1982."
|
| 504 |
|
|
|a Includes bibliographical references (p. 28).
|
| 541 |
|
|
|e 1264
|
| 650 |
|
0 |
|a Fertility, Human
|x Statistical methods.
|9 3878
|
| 650 |
|
0 |
|a Sampling (Statistics)
|9 2927
|
| 710 |
2 |
|
|a World Fertility Survey.
|9 2975
|
| 942 |
|
|
|2 ddc
|c BK
|
| 999 |
|
|
|c 14179
|d 14179
|
| 952 |
|
|
|0 0
|1 0
|2 ddc
|4 0
|6 304_632000000000000_LIT
|7 0
|9 23920
|a BRACUL
|b BRACUL
|c GEN
|d 2014-02-24
|g 0.00
|l 0
|o 304.632 LIT
|p 3010001264
|r 2014-02-24
|t 1
|w 2014-02-24
|y BK
|z Not price in Register
|